• 首页
  • 本馆介绍
  • 公告通知
  • 最新文献
  • 馆藏检索
  • 电子资源
  • 读者导购
  • 参考咨询
  • 我的图书馆
  • 登录
  • 详细信息显示
  • 放入我的书架
  • 预约/预借图书
  • 作者相关作品
  • 分类相关作品
  • 丛书相关作品
  • 出版社相关作品

书目信息

  • 表格格式
  • 工作单格式
  • 卡片格式
题名:
英国文学史及选读学习指南
    
 
作者: 张鑫友 主编 ;四达外研语言研究部 编写
分册: 第一册  
出版信息: 武汉   湖北科学技术出版社  2003
页数: 483页
开本: 20cm
丛书名: 张鑫友英语系列
单 册:
中图分类: H319.4
科图分类:
主题词: 英语--语言读物--文学史--英国
电子资源:
ISBN: 7-5352-2455-5
000 00992oam2 2200253 45
001 002511965
005 20070727083011.95
010    @a7-5352-2455-5@dCNY24.00
100    @a20031126d2003 em y0chiy0110 ea
101 0  @achi@aeng
102    @aCN@b420000
105    @ay z 000yy
200 1  @a英国文学史及选读学习指南@AYing Guo Wen Xue Shi Ji Xuan Du Xue Xi Zhi Nan@h第一册@f张鑫友主编@FZhang Xin You Zhu Bian@g四达外研语言研究部编写
210    @a武汉@c湖北科学技术出版社@d2003
215    @a483页@d20cm
225 2  @a张鑫友英语系列@i张鑫友英语专业教材配套系列
330    @a本书将课文中的作家介绍、作品选读等内容全部力求准确、流畅地翻译为汉语,对课文中出现的文学术语等专有名词进行介绍,并编写了练习题。
410    @12001 @a张鑫友英语专业教材配套系列
606 0  @a英语@x语言读物@x文学史@y英国
690    @aH319.4@v4
701  0 @a张鑫友@4主编
712 02 @a四达外研语言研究部@Asi da wai yan yu yan yan jiu bu@4编写
801  0 @aCN@bNLC@c20070727
905    @f2@b355398-399@dH319.4@e765:1
    
    英国文学史及选读学习指南.第一册/张鑫友主编/四达外研语言研究部编写.-武汉:湖北科学技术出版社,2003
    483页;20cm.-(张鑫友英语系列.张鑫友英语专业教材配套系列)
    
    
    ISBN 7-5352-2455-5:CNY24.00
    本书将课文中的作家介绍、作品选读等内容全部力求准确、流畅地翻译为汉语,对课文中出现的文学术语等专有名词进行介绍,并编写了练习题。
●
相关链接 在E读中查询图书 在五车中查询图书 在当当中查询图书 在豆瓣中查询图书


正题名:英国文学史及选读学习指南     索取号:H319.4/765:1         预约/预借

序号 登录号 条形码 馆藏地/架位号 状态 备注
1 0355398   3553988   第二样本阅览室/ [索取号:H319.4/765:1] 在馆    
2 0355399   3553997   第四借阅区/ [索取号:H319.4/765:1] 在馆    
3 0499472   204994729   密集书库/ [索取号:H319.4/765:1] 在馆    
4 0754195   207541953   第四借阅区/ [索取号:H319.4/765:1] 在馆    
5 0754196   207541962   第四借阅区/ [索取号:H319.4/765:1] 在馆    
6 0754197   207541971   第四借阅区/ [索取号:H319.4/765:1] 在馆    
7 0754198   207541980   第四借阅区/ [索取号:H319.4/765:1] 在馆    
8 0754199   207541999   第四借阅区/ [索取号:H319.4/765:1] 在馆    
9 0754200   207542006   第四借阅区/ [索取号:H319.4/765:1] 在馆    
10 0754201   207542015   第四借阅区/ [索取号:H319.4/765:1] 在馆    
11 0754202   207542024   第四借阅区/ [索取号:H319.4/765:1] 在馆    
12 0754203   207542033   第四借阅区/ [索取号:H319.4/765:1] 在馆    
13 0754204   207542042   第四借阅区/ [索取号:H319.4/765:1] 在馆    
14 0754205   207542051   第四借阅区/ [索取号:H319.4/765:1] 在馆    
15 0754206   207542060   库房3/ [索取号:H319.4/765:1] 在馆    
16 0754207   207542079   库房3/ [索取号:H319.4/765:1] 在馆    
17 0754208   207542088   库房3/ [索取号:H319.4/765:1] 在馆    
18 0754209   207542097   库房3/ [索取号:H319.4/765:1] 在馆    
19 0754210   207542104   库房3/ [索取号:H319.4/765:1] 在馆    
20 0754211   207542113   库房3/ [索取号:H319.4/765:1] 在馆    
21 0754212   207542122   第四借阅区/ [索取号:H319.4/765:1] 在馆    
22 0754213   207542131   第四借阅区/ [索取号:H319.4/765:1] 在馆    
23 0754214   207542140   第四借阅区/ [索取号:H319.4/765:1] 在馆    
24 0754215   207542159   库房3/ [索取号:H319.4/765:1] 在馆    
25 0754216   207542168   第四借阅区/ [索取号:H319.4/765:1] 在馆    
26 0754217   207542177   库房3/ [索取号:H319.4/765:1] 在馆    
27 0754218   207542186   库房3/ [索取号:H319.4/765:1] 在馆    
28 0754219   207542195   库房3/ [索取号:H319.4/765:1] 在馆    
29 0754220   207542202   库房3/ [索取号:H319.4/765:1] 在馆    
30 0754221   207542211   库房3/ [索取号:H319.4/765:1] 在馆    
31 0754222   207542220   第四借阅区/ [索取号:H319.4/765:1] 在馆    
32 0771384   207713848   密集书库/ [索取号:H319.4/765:1] 在馆    
33 0775299   207752993   密集书库/ [索取号:H319.4/765:1] 在馆    
34 0779568   207795689   第四借阅区/ [索取号:H319.4/765:1] 在馆    
35 0788724   207887241   密集书库/ [索取号:H319.4/765:1] 在馆    
唐山师范学院图书馆 欢迎您!
大连网信软件有限公司© 版权所有